| 000 | 00343nam a2200145Ia 4500 | ||
|---|---|---|---|
| 100 | _aOwler/L.W.J; Brown/J.L | ||
| 650 | _aEconomics | ||
| 942 | _cBK | ||
| 654 | _aCost Accounting | ||
| 245 | _aWheldon''''s Cost Accounting | ||
| 260 |
_bEnglish language book society _aLondon _c1973 |
||
| 082 | _a657.4 | ||
| 300 | _a688 | ||
| 546 | _aENGLISH | ||
| 999 |
_c30765 _d30765 |
||